| 000 | 01197cam a22003377a 4500 | ||
|---|---|---|---|
| 001 | 13106766 | ||
| 003 | OSt | ||
| 005 | 20180116192418.0 | ||
| 008 | 030227s2003 ctuaa b 001 0 eng d | ||
| 010 | _a 2003103217 | ||
| 020 | _a0300095791 | ||
| 020 | _a9781856695558 | ||
| 035 | _a(DLC)13106766 | ||
| 040 |
_aNHP _cNHP _dCtY _dDLC |
||
| 042 | _alccopycat | ||
| 050 | 0 | 0 |
_aTA403.6 _b.W48 2003 |
| 082 | 0 | 0 |
_a721.044 _222 |
| 100 | 1 |
_aWeston, Richard, _d1953- _97009 |
|
| 245 | 1 | 0 |
_aMaterials, form, and architecture / _cRichard Weston. |
| 260 |
_aNew Haven, Conn. : _bYale University Press, _c2003. |
||
| 300 |
_a240 p.: _bill. (chiefly col.) ; _c26 cm. |
||
| 504 | _aIncludes bibliographical references. | ||
| 650 | 0 |
_aBuilding materials. _97010 |
|
| 650 | 0 |
_aArchitecture. _97011 |
|
| 650 | 0 |
_aForm (Aesthetics) _97012 |
|
| 906 |
_a7 _bcbc _ccopycat _d3 _encip _f20 _gy-gencatlg |
||
| 942 |
_2ddc _cBK |
||
| 999 |
_c353809 _d353809 |
||